[Event "Madrid-ch Previa-A"]
[Site "Madrid"]
[Date "2025.02.11"]
[Round "5.31"]
[White "Martinez Miura, Enrique"]
[Black "Villodre Miranda, Juan Alonso"]
[Result "1-0"]
[WhiteElo "1685"]
[BlackElo "1698"]
[PlyCount "91"]
[GameId "2149675963466153"]
[EventDate "2025.02.03"]
[EventType "swiss"]
[EventRounds "9"]
[EventCountry "ESP"]

1. e4 e5 2. Nf3 Nc6 3. Bb5 a6 4. Ba4 d6 5. h3 Be7 6. c3 Bd7 7. O-O Nf6 8. Re1 O-O 9. d4 exd4 10. cxd4 Re8 11. Nc3 h6 12. a3 Na5 13. Bxd7 Qxd7 14. b4 Nc6 15. Bf4 Nh7 16. Nd5 Bd8 17. Qd2 Ne7 18. Nxe7+ Bxe7 19. Rad1 g5 20. Bg3 Bf6 21. Qc2 Bg7 22. e5 d5 23. Re3 c6 24. Rde1 Re6 25. Nh2 Rae8 26. f4 gxf4 27. Bxf4 Ng5 28. Bxg5 hxg5 29. Nf3 Bh6 30. R3e2 Kg7 31. Qf5 Qe7 32. Nh2 f6 33. exf6+ Qxf6 34. Qxf6+ Kxf6 35. Ng4+ Kf5 36. Rxe6 Rxe6 37. Rxe6 Kxe6 38. Nxh6 Kf6 39. Kf2 Kg6 40. Ng4 Kf5 41. Ke3 b6 42. Nf2 a5 43. Nd3 Ke6 44. Ne5 axb4 45. axb4 Kd6 46. Nf7+ 1-0

[Event "Madrid-ch Previa-A"]
[Site "Madrid"]
[Date "2025.02.11"]
[Round "5.32"]
[White "Quintans Cunha, Guillerme"]
[Black "Forteza Ribot, Juan"]
[Result "0-1"]
[WhiteElo "1685"]
[BlackElo "1795"]
[PlyCount "166"]
[GameId "2149783468593264"]
[EventDate "2025.02.03"]
[EventType "swiss"]
[EventRounds "9"]
[EventCountry "ESP"]

1. e4 e5 2. Nf3 Nc6 3. Bc4 Be7 4. O-O Nf6 5. d3 O-O 6. Re1 d6 7. h3 Na5 8. Nbd2 Nxc4 9. Nxc4 Be6 10. Ne3 c6 11. Nf1 h6 12. d4 Qc7 13. c3 Nd7 14. Ng3 d5 15. Be3 dxe4 16. Nxe4 f5 17. Nc5 Bxc5 18. dxc5 Rad8 19. Qd6 Qxd6 20. cxd6 b6 21. b3 c5 22. Rad1 e4 23. Nh4 Kh7 24. g3 g5 25. Ng2 Ne5 26. Re2 Nd3 27. Ne1 Rxd6 28. Nxd3 Rxd3 29. Rxd3 exd3 30. Re1 Bd5 31. c4 Bf3 32. Bd2 Be2 33. f4 Kg6 34. Kf2 Re8 35. Kg2 Kh5 36. fxg5 hxg5 37. Rh1 Re4 38. Kf2 f4 39. gxf4 gxf4 40. Re1 f3 41. Kg3 Re6 42. Rg1 Rg6+ 43. Kf2 Rxg1 44. Kxg1 Kh4 45. Be1+ Kxh3 46. Kf2 Kg4 47. Bd2 Kf5 48. Ke3 Ke5 49. a3 a5 50. Be1 Bd1 51. Kxd3 Bxb3 52. Bg3+ Kf5 53. Bc7 Bxc4+ 54. Ke3 b5 55. Bxa5 Be2 56. Bc3 Ke6 57. Be1 Kd5 58. Kd2 Kc4 59. Kc2 Kd4 60. Bf2+ Kd5 61. Be1 Ke4 62. Bf2 Bd3+ 63. Kd2 c4 64. Kc3 Kd5 65. Kb4 Kc6 66. Kc3 Kb7 67. Kb4 Ka6 68. Kc3 Ka5 69. Kb2 b4 70. axb4+ Kxb4 71. Be1+ Kc5 72. Kc3 Kd5 73. Bf2 Ke4 74. Kd2 Kf4 75. Kc3 Kg4 76. Kd2 Kh3 77. Ke3 Kg2 78. Be1 Be2 79. Bh4 Bd1 80. Kd2 Bb3 81. Be1 f2 82. Bxf2 Kxf2 83. Kc3 Ke3 0-1

[Event "Madrid-ch Previa-A"]
[Site "Madrid"]
[Date "2025.02.11"]
[Round "5.33"]
[White "Yaniz Lana, Francisco Javier"]
[Black "Carbo de Haya, Jaime"]
[Result "0-1"]
[WhiteElo "1716"]
[BlackElo "1622"]
[PlyCount "136"]
[GameId "2149822580486295"]
[EventDate "2025.02.03"]
[EventType "swiss"]
[EventRounds "9"]
[EventCountry "ESP"]

1. e4 c5 2. Nc3 Nc6 3. f4 g6 4. Nf3 Bg7 5. Bc4 e6 6. d3 Nge7 7. Be3 Nd4 8. e5 Nef5 9. Bd2 Nxf3+ 10. Qxf3 Nd4 11. Qd1 b6 12. Ne4 Nf5 13. O-O Bb7 14. g4 d5 15. Bb5+ Kf8 16. gxf5 dxe4 17. f6 Qd4+ 18. Rf2 e3 19. Bxe3 Qxe3 20. fxg7+ Kxg7 21. Qf1 Qd4 22. c4 a6 23. Ba4 b5 24. Bd1 Rhd8 25. Be2 b4 26. Rd1 a5 27. Qh3 Ra7 28. Qh4 Qd7 29. Qf6+ Kg8 30. Bf3 Bxf3 31. Rxf3 Qe7 32. Qxe7 Rxe7 33. b3 Rd4 34. Kf2 Ra7 35. a3 a4 36. axb4 axb3 37. bxc5 Ra2+ 38. Ke3 Rd8 39. Rb1 Rb8 40. Rf2 Ra5 41. Kd4 Rd8+ 42. Kc3 Rxc5 43. Rxb3 Rc7 44. Rfb2 Rcd7 45. Kc2 Kg7 46. Kd2 Ra8 47. Ke3 Ra1 48. Rd2 Rda7 49. Rc3 R7a2 50. Rxa2 Rxa2 51. c5 Kf8 52. c6 Ra8 53. Kd4 Ke8 54. Kc5 Kd8 55. Kb6 Rb8+ 56. Ka7 Kc7 57. Ka6 Rb6+ 58. Ka5 Rxc6 59. Rxc6+ Kxc6 60. Kb4 Kd5 61. Kc3 h6 62. h3 g5 63. fxg5 hxg5 64. d4 Ke4 65. Kd2 Kxd4 66. Ke2 Kxe5 67. Kf3 f5 68. Kg3 Ke4 0-1

[Event "Madrid-ch Previa-A"]
[Site "Madrid"]
[Date "2025.02.11"]
[Round "5.34"]
[White "Santos Rodriguez, Jose"]
[Black "Perez de las Penas, Jorge Ivan"]
[Result "1/2-1/2"]
[WhiteElo "1710"]
[BlackElo "1620"]
[PlyCount "100"]
[GameId "2149827064541349"]
[EventDate "2025.02.03"]
[EventType "swiss"]
[EventRounds "9"]
[EventCountry "ESP"]

1. d4 Nf6 2. Nf3 e6 3. Bf4 g6 4. e3 Bg7 5. Be2 O-O 6. O-O d5 7. Nbd2 a6 8. c4 c6 9. h3 Nbd7 10. cxd5 cxd5 11. Rc1 b5 12. Qc2 Bb7 13. Qc7 Qc8 14. Qa5 Qd8 15. Bc7 Qe7 16. Ne5 Nxe5 17. dxe5 Nd7 18. Bd6 Qd8 19. Qxd8 Rfxd8 20. f4 Rdc8 21. Nf3 Nb6 22. b3 Bf8 23. Bxf8 Kxf8 24. Nd4 Nd7 25. Rfd1 Nc5 26. Rd2 Ne4 27. Rdc2 Ke8 28. Rc7 b4 29. Rxc8+ Rxc8 30. Rxc8+ Bxc8 31. Nc6 Nc3 32. Bd3 Nxa2 33. Nb8 Nc1 34. Bxa6 Bxa6 35. Nxa6 Nxb3 36. Nxb4 h5 37. Kf2 Nd2 38. Nc2 Ne4+ 39. Ke2 h4 40. Kf3 Ng3 41. Kg4 Nf5 42. Kf3 Ke7 43. Nd4 Nh6 44. Kf2 f6 45. Nf3 Nf5 46. exf6+ Kxf6 47. Ne5 Ng3 48. Nf3 Nf5 49. Ne5 Ng3 50. Nf3 Nf5 1/2-1/2

[Event "Madrid-ch Previa-A"]
[Site "Madrid"]
[Date "2025.02.11"]
[Round "5.35"]
[White "Iturrizaga Ramirez, Eduardo Roberto"]
[Black "Aquilino Rodriguez, Virgilio"]
[Result "0-1"]
[WhiteElo "1591"]
[BlackElo "1675"]
[PlyCount "64"]
[GameId "2149828197023923"]
[EventDate "2025.02.03"]
[EventType "swiss"]
[EventRounds "9"]
[EventCountry "ESP"]

1. e4 e5 2. Nf3 Nc6 3. Bc4 Bc5 4. c3 Nf6 5. d4 exd4 6. e5 d5 7. Bb5 Ne4 8. cxd4 Bb4+ 9. Nfd2 O-O 10. Bxc6 bxc6 11. O-O Nxd2 12. Bxd2 Qe7 13. a3 Bxd2 14. Qxd2 c5 15. Re1 Be6 16. Nc3 Rab8 17. Na4 Rb5 18. Rac1 c4 19. Nc5 Rfb8 20. Rc2 Bf5 21. Rcc1 Rxb2 22. Qf4 Be6 23. Qe3 h6 24. h3 Qg5 25. Qxg5 hxg5 26. g4 Rd2 27. Red1 Rbb2 28. Rxd2 Rxd2 29. Rb1 Rxd4 30. Rb7 c3 31. Nxe6 fxe6 32. Rxc7 Rc4 0-1

[Event "Madrid-ch Previa-A"]
[Site "Madrid"]
[Date "2025.02.11"]
[Round "5.38"]
[White "Veuthey Martinez, Eloy"]
[Black "De Juan Rivas, Antonio"]
[Result "0-1"]
[WhiteElo "1601"]
[BlackElo "1647"]
[PlyCount "86"]
[GameId "2149896708509808"]
[EventDate "2025.02.03"]
[EventType "swiss"]
[EventRounds "9"]
[EventCountry "ESP"]

1. d4 d5 2. Nf3 Nf6 3. e3 g6 4. c4 Bg7 5. cxd5 Nxd5 6. e4 Nb6 7. h3 O-O 8. Nc3 N8d7 9. Be3 c6 10. Be2 e5 11. dxe5 Nxe5 12. Nxe5 Bxe5 13. O-O Be6 14. Qc2 Nc4 15. Rfd1 Qh4 16. Bd4 Qg5 17. Bxe5 Nxe5 18. g3 Bxh3 19. Kh2 Bg4 20. Bxg4 Nxg4+ 21. Kg2 Rad8 22. Rxd8 Rxd8 23. Rd1 Rxd1 24. Qxd1 Qh5 25. Qd8+ Kg7 26. Qh4 Qxh4 27. gxh4 h5 28. Ne2 Kf6 29. f3 Ne3+ 30. Kg3 Ke5 31. Nc3 Nf1+ 32. Kf2 Nd2 33. Kg3 Nc4 34. b3 Na3 35. Ne2 Nb5 36. Nc1 a5 37. Nd3+ Kd4 38. Nf4 Kc3 39. Nxg6 fxg6 40. f4 Nd4 41. e5 Nf5+ 42. Kf3 Kb2 43. e6 Kxa2 0-1

[Event "Madrid-ch Previa-A"]
[Site "Madrid"]
[Date "2025.02.12"]
[Round "6.1"]
[White "Nunez Munoz, Jesus"]
[Black "Lorenzo Bailador, Alfredo"]
[Result "1-0"]
[WhiteElo "1996"]
[BlackElo "1927"]
[PlyCount "49"]
[GameId "2151466579804273"]
[EventDate "2025.02.03"]
[EventType "swiss"]
[EventRounds "9"]
[EventCountry "ESP"]

1. e4 e5 2. Nf3 Nc6 3. Bb5 a6 4. Ba4 Nf6 5. O-O Nxe4 6. d4 b5 7. Bb3 d5 8. dxe5 Be6 9. Be3 Bc5 10. Bxc5 Nxc5 11. c3 O-O 12. h3 Qe7 13. Re1 Rad8 14. Nd4 Nxd4 15. cxd4 Nd7 16. Nc3 Nb6 17. Bc2 c5 18. f4 g6 19. Kh1 Nc4 20. Rb1 Rc8 21. dxc5 Qxc5 22. f5 gxf5 23. Qh5 Kh8 24. Bxf5 Nxb2 25. Qxh7# 1-0

[Event "Madrid-ch Previa-A"]
[Site "Madrid"]
[Date "2025.02.12"]
[Round "6.2"]
[White "Pulido Gomez, Pablo"]
[Black "Blazquez Sanz, Oscar"]
[Result "0-1"]
[WhiteElo "1913"]
[BlackElo "1980"]
[PlyCount "30"]
[GameId "2151467126235283"]
[EventDate "2025.02.03"]
[EventType "swiss"]
[EventRounds "9"]
[EventCountry "ESP"]

1. e4 e6 2. d4 d5 3. Nc3 Bb4 4. e5 Ne7 5. Qg4 c5 6. dxc5 Bxc3+ 7. bxc3 Nbc6 8. Nf3 Qc7 9. Qxg7 Rg8 10. Qf6 Bd7 11. g3 O-O-O 12. Bg2 Nf5 13. O-O Rg6 14. Qxf7 Rh8 15. Rb1 Nd8 0-1

[Event "Madrid-ch Previa-A"]
[Site "Madrid"]
[Date "2025.02.12"]
[Round "6.3"]
[White "Alvarez Abejon, Amilcar"]
[Black "Vazquez Gonzalez, Francisco"]
[Result "0-1"]
[WhiteElo "1912"]
[BlackElo "1965"]
[PlyCount "46"]
[GameId "2151467490250914"]
[EventDate "2025.02.03"]
[EventType "swiss"]
[EventRounds "9"]
[EventCountry "ESP"]

1. c4 d6 2. Nc3 e5 3. d4 Bf5 4. e4 exd4 5. Qxd4 Nc6 6. Qd2 Bg6 7. b3 Nf6 8. Bd3 Qe7 9. f3 O-O-O 10. Nge2 Nb4 11. Nd5 Nxd3+ 12. Qxd3 Nxd5 13. cxd5 Qe5 14. Qd4 f5 15. exf5 Bxf5 16. Bf4 Qe7 17. Kf2 g5 18. Qxa7 gxf4 19. Nxf4 Qe5 20. Rhe1 Qxf4 21. Qa8+ Kd7 22. Qxb7 Qd4+ 23. Re3 Qb6 0-1

[Event "Madrid-ch Previa-A"]
[Site "Madrid"]
[Date "2025.02.12"]
[Round "6.5"]
[White "Gal, Eugen"]
[Black "Marin Lopez, Jeronimo"]
[Result "0-1"]
[WhiteElo "1971"]
[BlackElo "1922"]
[PlyCount "78"]
[GameId "2151470227415232"]
[EventDate "2025.02.03"]
[EventType "swiss"]
[EventRounds "9"]
[EventCountry "ESP"]

1. e4 d6 2. Bc4 Nf6 3. Nc3 e5 4. Nf3 h6 5. d4 Nbd7 6. h3 Be7 7. Be3 O-O 8. Qd2 c6 9. Bb3 Re8 10. g4 exd4 11. Nxd4 Ne5 12. O-O-O a6 13. f4 c5 14. Nf5 Bxf5 15. gxf5 Ned7 16. e5 dxe5 17. fxe5 Nxe5 18. Qg2 Qc8 19. Bxh6 Bf8 20. Rhg1 Qc6 21. Qg3 Ne4 22. Qh4 Nf3 23. Qh5 c4 24. Bxc4 Qxc4 25. Nxe4 Qxe4 26. Rg3 Nd4 27. Rgd3 Rac8 28. Be3 Qxf5 29. Qh4 Nf3 30. Qf2 Qh5 31. Bf4 Ne5 32. Rd5 f6 33. Kb1 Qf3 34. Qh2 Ng6 35. Bc1 Re2 36. Qg1 Ne5 37. c3 Qf2 38. Qh1 Nc4 39. Rd7 Rxb2+ 0-1

[Event "Madrid-ch Previa-A"]
[Site "Madrid"]
[Date "2025.02.12"]
[Round "6.6"]
[White "Pastor Alonso De Prado, Alberto"]
[Black "Bocancea, Cristian Andrei"]
[Result "1/2-1/2"]
[WhiteElo "1963"]
[BlackElo "1905"]
[PlyCount "54"]
[GameId "2151471560167633"]
[EventDate "2025.02.03"]
[EventType "swiss"]
[EventRounds "9"]
[EventCountry "ESP"]

1. c4 Nf6 2. g3 c5 3. Bg2 Nc6 4. Nc3 g6 5. e4 Bg7 6. Nge2 O-O 7. O-O d6 8. a3 Be6 9. d3 Qc8 10. Nf4 Bg4 11. f3 Bd7 12. Be3 e5 13. Nfd5 Nxd5 14. Nxd5 Be6 15. Rb1 Bxd5 16. exd5 Nd4 17. b4 b6 18. Bxd4 exd4 19. Re1 Re8 20. bxc5 bxc5 21. Qa4 Re3 22. Rxe3 dxe3 23. Qc6 Qe8 24. Bf1 Bd4 25. Qxe8+ Rxe8 26. Be2 Re7 27. Kg2 Kg7 1/2-1/2

[Event "Madrid-ch Previa-A"]
[Site "Madrid"]
[Date "2025.02.12"]
[Round "6.7"]
[White "Sanchez Rodriguez, Jaime"]
[Black "Albert Aparicio, Ismael"]
[Result "1/2-1/2"]
[WhiteElo "1952"]
[BlackElo "1886"]
[PlyCount "152"]
[GameId "2151474455449824"]
[EventDate "2025.02.03"]
[EventType "swiss"]
[EventRounds "9"]
[EventCountry "ESP"]

1. d4 Nf6 2. Bg5 g6 3. Bxf6 exf6 4. c4 Bg7 5. Nc3 d6 6. g3 O-O 7. Bg2 c6 8. e3 Be6 9. d5 Bd7 10. Nge2 f5 11. Rb1 c5 12. O-O Na6 13. a3 Rc8 14. Qd3 Qa5 15. Ra1 Qc7 16. Rfc1 Rfe8 17. Rab1 b6 18. h4 Re7 19. Nf4 Be8 20. h5 g5 21. Nh3 f6 22. f4 g4 23. Nf2 Bxh5 24. Re1 Rce8 25. b4 Bg6 26. bxc5 Nxc5 27. Qd2 h5 28. Nb5 Qd7 29. Nd4 Qa4 30. Qc3 Kf7 31. Nc6 Rc7 32. Rb4 Qa6 33. Nd3 Ne4 34. Bxe4 fxe4 35. f5 Bxf5 36. Nf4 Bg6 37. Ne6 Rd7 38. Rf1 Bh8 39. Rb2 f5 40. Ncd4 Rc8 41. Rc2 Be5 42. Kg2 Kg8 43. Qb4 Rh7 44. Nxf5 Bxf5 45. Rxf5 Qb7 46. Rg5+ Kh8 47. Rf2 h4 48. Rxe5 hxg3 49. Qxd6 gxf2 50. Rg5 f1=Q+ 51. Kxf1 Qf7+ 52. Nf4 Rf8 53. Kg2 Qf6 54. Ng6+ Kg7 55. Qxf8+ Qxf8 56. Nxf8+ Kxf8 57. Rxg4 Re7 58. Kg3 Ke8 59. Kf4 Kd7 60. Kf5 Kd6 61. Rxe4 Rf7+ 62. Kg6 Rf3 63. Re6+ Kd7 64. a4 Rf1 65. a5 bxa5 66. Ra6 Re1 67. Rxa7+ Kd8 68. Rxa5 Rxe3 69. Kf6 Re4 70. c5 Re1 71. c6 Kc7 72. Ra7+ Kd8 73. c7+ Kd7 74. d6 Re6+ 75. Kf7 Rxd6 76. c8=Q+ Kxc8 1/2-1/2

[Event "Madrid-ch Previa-A"]
[Site "Madrid"]
[Date "2025.02.12"]
[Round "6.8"]
[White "Melgar Morraja, Mateo"]
[Black "Rodriguez Garcia, Jose Maria"]
[Result "1-0"]
[WhiteElo "1812"]
[BlackElo "1935"]
[PlyCount "115"]
[GameId "2151476556796143"]
[EventDate "2025.02.03"]
[EventType "swiss"]
[EventRounds "9"]
[EventCountry "ESP"]

1. e4 c6 2. d4 d5 3. Nc3 dxe4 4. Nxe4 Nf6 5. Nxf6+ exf6 6. c3 Bd6 7. Bd3 O-O 8. Ne2 Bg4 9. f3 Bh5 10. Bf4 Re8 11. Bxd6 Qxd6 12. Qd2 Nd7 13. O-O-O Bg6 14. Bxg6 hxg6 15. h4 Qe6 16. Ng3 Qxa2 17. h5 Nb6 18. Qc2 Nc4 19. Qb1 Qb3 20. hxg6 fxg6 21. Ne4 f5 22. Nc5 Qb5 23. Rde1 Re3 24. Rxe3 Nxe3 25. Qa2+ Qc4 26. Qxc4+ Nxc4 27. Re1 Kf7 28. Nxb7 f4 29. b3 Ne3 30. g3 g5 31. Nd6+ Kg6 32. gxf4 gxf4 33. Rg1+ Kh6 34. Nf7+ Kh7 35. Ng5+ Kh6 36. Ne6 Rb8 37. Nxf4 Rxb3 38. Rg6+ Kh7 39. Rxc6 g5 40. Ne6 g4 41. Ng5+ Kg8 42. Kd2 Nd5 43. fxg4 Ne7 44. Rc7 Nd5 45. Rc4 Nf6 46. Rc8+ Kg7 47. Ne6+ Kg6 48. Kc2 Rb6 49. g5 Rxe6 50. gxf6 Kxf6 51. Ra8 Ra6 52. Kd3 Ra4 53. c4 Ke7 54. d5 Kd7 55. Kd4 Ra5 56. Ke5 Rc5 57. Rxa7+ Kc8 58. Kd4 1-0

[Event "Madrid-ch Previa-A"]
[Site "Madrid"]
[Date "2025.02.12"]
[Round "6.9"]
[White "Moreno Torrero, Javier"]
[Black "Ruiz Bellon, Manuel"]
[Result "1-0"]
[WhiteElo "1900"]
[BlackElo "1965"]
[PlyCount "127"]
[GameId "2151482607051012"]
[EventDate "2025.02.03"]
[EventType "swiss"]
[EventRounds "9"]
[EventCountry "ESP"]

1. e4 c6 2. d4 g6 3. c4 Bg7 4. Nc3 d6 5. Be3 Nd7 6. f3 Ngf6 7. Nge2 O-O 8. Qd2 c5 9. O-O-O Qa5 10. Kb1 cxd4 11. Nxd4 Nc5 12. Bh6 a6 13. Nd5 Qd8 14. Nxf6+ Bxf6 15. Bxf8 Kxf8 16. Nb3 Nxb3 17. axb3 Qb6 18. Ka2 Be6 19. g4 a5 20. h4 Qc5 21. g5 Bg7 22. Bh3 a4 23. Bxe6 axb3+ 24. Kxb3 fxe6 25. Ra1 Qb6+ 26. Qb4 Qe3+ 27. Kc2 Qe2+ 28. Qd2 Qxc4+ 29. Kb1 Rb8 30. Rc1 Qb3 31. Ra3 Qb5 32. Qc2 Kf7 33. Rb3 Qa4 34. Qc4 Qa7 35. f4 Qf2 36. f5 gxf5 37. Rf1 Qxh4 38. Rxf5+ Ke8 39. Rf1 d5 40. Qb5+ Kd8 41. exd5 Qe4+ 42. Qd3 exd5 43. Qxe4 dxe4 44. Re1 Be5 45. Rxe4 Bd6 46. Rh4 Kc7 47. Rxh7 Rg8 48. Rh5 Bf4 49. Rh4 Bd6 50. Rg4 Rg6 51. Rh3 Be5 52. Rh6 Rg8 53. Re6 Bd6 54. g6 Kd7 55. Ree4 b5 56. Kc2 b4 57. Kd3 e6 58. Re3 Ke7 59. Rf3 Rg7 60. Kc4 Be5 61. b3 Bc3 62. Kc5 Bd2 63. Kc6 Be1 64. Rgf4 1-0

[Event "Madrid-ch Previa-A"]
[Site "Madrid"]
[Date "2025.02.12"]
[Round "6.10"]
[White "Lopez Heras, Arturo"]
[Black "Arevillca Colque, Jonatan"]
[Result "1/2-1/2"]
[WhiteElo "1828"]
[BlackElo "1957"]
[PlyCount "132"]
[GameId "2151484445532435"]
[EventDate "2025.02.03"]
[EventType "swiss"]
[EventRounds "9"]
[EventCountry "ESP"]

1. e4 e5 2. Nf3 Nc6 3. d4 exd4 4. Nxd4 Qf6 5. Be3 Bc5 6. c3 Nge7 7. Bc4 d6 8. O-O Bb6 9. Nc2 Qg6 10. Nd2 Ne5 11. Bxb6 Bh3 12. Ne3 axb6 13. Be2 h5 14. Kh1 Bg4 15. f3 Bd7 16. Qe1 Qh6 17. f4 Ng4 18. Qg3 Qg6 19. a3 h4 20. Qf3 Nf6 21. f5 Qh6 22. Rad1 Bc6 23. Ng4 Nxg4 24. Qxg4 h3 25. g3 d5 26. Bf3 Rd8 27. exd5 Bxd5 28. Bxd5 Rxd5 29. Ne4 f6 30. Qf3 Rxf5 31. Qd3 Rd5 32. Qf3 Rxd1 33. Rxd1 Qh5 34. Qd3 O-O 35. Nf2 c6 36. Qe4 Nd5 37. Qe6+ Rf7 38. Qc8+ Kh7 39. Qxh3 Qxh3 40. Nxh3 Ne3 41. Re1 Nc4 42. Re2 Rd7 43. Nf4 g5 44. Ne6 Kg8 45. Nd4 c5 46. Nf5 Rd1+ 47. Kg2 Rb1 48. Re8+ Kf7 49. Re7+ Kf8 50. Rxb7 Rxb2+ 51. Kh3 Nxa3 52. Nd6 Kg8 53. Kg4 Rxh2 54. Kf5 Rh7 55. Rxb6 Kg7 56. Rb7+ Kh6 57. Rxh7+ Kxh7 58. Kxf6 Nb1 59. Ne4 Kh6 60. g4 c4 61. Ke5 Kg6 62. Kd4 Na3 63. Nd6 Nc2+ 64. Ke4 Na3 65. Kd5 Kf6 66. Nxc4 Nb5 1/2-1/2

[Event "Madrid-ch Previa-A"]
[Site "Madrid"]
[Date "2025.02.12"]
[Round "6.11"]
[White "Garcia Galeote, Lorenzo"]
[Black "Martin Consuegra, Barrilero Javier"]
[Result "1-0"]
[WhiteElo "1944"]
[BlackElo "1798"]
[PlyCount "128"]
[GameId "2151486701637932"]
[EventDate "2025.02.03"]
[EventType "swiss"]
[EventRounds "9"]
[EventCountry "ESP"]

1. Nf3 Nf6 2. c4 d6 3. d4 c6 4. Nc3 Bg4 5. e4 Nbd7 6. Be2 e5 7. O-O Be7 8. h3 Bh5 9. Re1 Bg6 10. Bf1 h6 11. Nh4 Bh7 12. Nf5 Bf8 13. g4 Qc7 14. Be3 a6 15. Rc1 Bxf5 16. exf5 Be7 17. Qd2 Rd8 18. Bg2 Kf8 19. f4 exd4 20. Bxd4 Re8 21. Re2 Bd8 22. Rce1 Rxe2 23. Qxe2 g5 24. fxg6 fxg6 25. g5 hxg5 26. fxg5 Ne5 27. gxf6 Bxf6 28. Rf1 Kg7 29. Bxe5 Bxe5 30. Qf3 Qe7 31. b3 Rh5 32. Ne4 Bd4+ 33. Kh1 Rf5 34. Qd3 Rxf1+ 35. Qxf1 Qe5 36. Qf3 d5 37. cxd5 cxd5 38. Ng3 b6 39. Ne2 Bc5 40. Bf1 a5 41. Qg3 Qa1 42. Qc3+ Qxc3 43. Nxc3 Kf6 44. Nxd5+ Ke5 45. Nc3 Bd4 46. Nb5 Bb2 47. a4 g5 48. Kg2 Kf4 49. Nc7 Ke5 50. Kf3 Kd6 51. Nb5+ Kc5 52. Kg4 Bc1 53. Bc4 Bd2 54. Nc7 Kb4 55. Ne6 b5 56. Bxb5 Kxb3 57. Nxg5 Kb4 58. h4 Bc1 59. Kf5 Kc5 60. Ne4+ Kd5 61. h5 Bb2 62. h6 Bh8 63. h7 Bg7 64. Nf6+ Kd6 1-0

[Event "Madrid-ch Previa-A"]
[Site "Madrid"]
[Date "2025.02.12"]
[Round "6.12"]
[White "Castro Miranda, Juan Raul"]
[Black "De la Orden Alcocer, Alejandro"]
[Result "0-1"]
[WhiteElo "1776"]
[BlackElo "1927"]
[PlyCount "160"]
[GameId "2152333197643889"]
[EventDate "2025.02.03"]
[EventType "swiss"]
[EventRounds "9"]
[EventCountry "ESP"]

1. e4 g6 2. d4 c6 3. Nc3 d5 4. Nf3 dxe4 5. Nxe4 Nf6 6. Nxf6+ exf6 7. h3 Bg7 8. Bc4 O-O 9. O-O Nd7 10. Re1 b5 11. Bb3 Bb7 12. c4 bxc4 13. Bxc4 c5 14. Be3 cxd4 15. Bxd4 Nb6 16. Be2 Qd5 17. Bc3 Rfd8 18. Qxd5 Nxd5 19. Ba5 Rdc8 20. Rec1 f5 21. Rxc8+ Rxc8 22. Rb1 Rc2 23. Bd1 Rxb2 24. Rxb2 Bxb2 25. Bb3 Bf6 26. Nd2 Nf4 27. f3 Bd4+ 28. Kh1 Kg7 29. Bc4 Nd5 30. Nb3 Be3 31. Nd2 g5 32. Bd3 Bc8 33. Nc4 Bc5 34. Nd2 Be6 35. Nc4 Nb4 36. Bxb4 Bxb4 37. a4 a5 38. g4 Bd5 39. Kg2 fxg4 40. hxg4 h6 41. Ne3 Bb3 42. Nf5+ Kf6 43. Bb5 h5 44. Nd4 Bd1 45. gxh5 Bc3 46. Ne2 Be5 47. Kh3 Kg7 48. Kg4 Kh6 49. Kf5 f6 50. Kg4 Bc2 51. f4 f5+ 52. Kf3 g4+ 53. Kg3 Bb2 54. Be8 Bd3 55. Kf2 Bf6 56. Ke3 Bb1 57. Ng3 Bh4 58. Kf2 Be4 59. Bd7 Bxg3+ 60. Kxg3 Kxh5 61. Be8+ Kh6 62. Kf2 Kg7 63. Kg3 Kf6 64. Kf2 Ke7 65. Bb5 Kd6 66. Kg3 Kc5 67. Kh4 Kd4 68. Kg3 Ke3 69. Bd7 Bc2 70. Bc6 Kd4 71. Bd7 Kc5 72. Kh4 Kd6 73. Bb5 Be4 74. Kg3 Bc6 75. Bd3 Bd7 76. Bc2 Kc5 77. Kf2 Kd4 78. Kg3 Kc3 79. Bd1 Be6 80. Be2 Bc4 0-1

[Event "Madrid-ch Previa-A"]
[Site "Madrid"]
[Date "2025.02.12"]
[Round "6.13"]
[White "Vazquez Gonzalez, Jesus"]
[Black "Fernandez Garcia, Ignacio"]
[Result "0-1"]
[WhiteElo "1920"]
[BlackElo "1790"]
[PlyCount "92"]
[GameId "2152342878138518"]
[EventDate "2025.02.03"]
[EventType "swiss"]
[EventRounds "9"]
[EventCountry "ESP"]

1. d4 Nf6 2. Nf3 c6 3. e3 d5 4. Bd3 Na6 5. a3 Bg4 6. b4 Ne4 7. h3 Bh5 8. g4 Bg6 9. Nh4 e6 10. Nxg6 hxg6 11. Bxa6 bxa6 12. Qe2 a5 13. Qa6 Qd7 14. Qxa5 Bd6 15. Nd2 Ng5 16. h4 e5 17. Bb2 Qxg4 18. dxe5 Nf3+ 19. Nxf3 Qxf3 20. Rf1 Bb8 21. Qa6 O-O 22. Qxc6 Bxe5 23. Bxe5 Rac8 24. Bc7 Rfe8 25. Qc5 d4 26. Kd2 Qb7 27. Kc1 dxe3 28. fxe3 Rxc7 29. Qd6 Rec8 30. Ra2 Qe4 31. Rf2 Qxe3+ 32. Qd2 Qe6 33. Kb1 Rd7 34. Qe2 Qd5 35. Rb2 Rc3 36. a4 Ra3 37. c4 Qh1+ 38. Rf1 Qh3 39. a5 Re7 40. Qd1 Rd3 41. Qc1 Ree3 42. Re1 Rc3 43. Qd1 Qf5+ 44. Ka1 Ra3+ 45. Ra2 Qe5+ 46. Kb1 Qe4+ 0-1

[Event "Madrid-ch Previa-A"]
[Site "Madrid"]
[Date "2025.02.12"]
[Round "6.15"]
[White "Olmos Sanz, Francisco J"]
[Black "Alonso Anton, Carlos"]
[Result "1-0"]
[WhiteElo "1717"]
[BlackElo "1856"]
[PlyCount "91"]
[GameId "2152346407624897"]
[EventDate "2025.02.03"]
[EventType "swiss"]
[EventRounds "9"]
[EventCountry "ESP"]

1. c4 e5 2. g3 Nf6 3. Bg2 c6 4. Nc3 Bb4 5. Nf3 Bxc3 6. dxc3 e4 7. Nd4 d5 8. cxd5 cxd5 9. O-O O-O 10. Bg5 Nc6 11. h3 h6 12. Be3 Ne5 13. b3 b6 14. Qd2 Bb7 15. Rac1 Rc8 16. Nf5 Ne8 17. Bd4 f6 18. Be3 Nf7 19. h4 Ned6 20. Bh3 Nxf5 21. Bxf5 Rc7 22. Rfd1 Re8 23. Bf4 Ne5 24. Bxe4 Rd7 25. Bxe5 fxe5 26. Bg6 Ree7 27. Bf5 Rd6 28. e4 d4 29. cxd4 exd4 30. Qd3 g6 31. e5 Rxe5 32. Bxg6 Qd7 33. f4 Rc5 34. Be4 Bxe4 35. Qxe4 d3 36. Rxc5 bxc5 37. Qc4+ Kh7 38. Qxc5 d2 39. Qc2+ Kg7 40. Qc3+ Kh7 41. Qe3 Rd3 42. Qe4+ Kg7 43. Kf2 Rd4 44. Qe5+ Kh7 45. f5 a5 46. f6 1-0

[Event "Madrid-ch Previa-A"]
[Site "Madrid"]
[Date "2025.02.12"]
[Round "6.16"]
[White "Guardiola Sevilla, Antonio"]
[Black "Marquez Misel, Michael Angel"]
[Result "0-1"]
[WhiteElo "1777"]
[BlackElo "1879"]
[PlyCount "102"]
[GameId "2152356891480272"]
[EventDate "2025.02.03"]
[EventType "swiss"]
[EventRounds "9"]
[EventCountry "ESP"]

1. e4 c5 2. Nf3 g6 3. d4 cxd4 4. Qxd4 Nf6 5. Nc3 Nc6 6. Qd1 Bg7 7. Bd3 O-O 8. O-O d5 9. exd5 Nxd5 10. Bd2 Ndb4 11. Be4 f5 12. Bxc6 Nxc6 13. Qe2 e5 14. Rad1 Be6 15. Bh6 Qf6 16. Bxg7 Qxg7 17. Ng5 Bf7 18. Rd7 Rad8 19. Rxd8 Rxd8 20. Nxf7 Qxf7 21. Rd1 Rd4 22. f3 Qd7 23. a3 Rxd1+ 24. Nxd1 Qd4+ 25. Kf1 Kf7 26. c3 Qd7 27. Qc4+ Kf6 28. Ke2 a6 29. Ne3 Ne7 30. Qh4+ g5 31. Qc4 h5 32. g3 b5 33. Qc5 Qe6 34. Kd2 f4 35. gxf4 exf4 36. Qd4+ Kg6 37. Qd3+ Kh6 38. Nc2 g4 39. fxg4 hxg4 40. Qd4 Qd5 41. Qxd5 Nxd5 42. Nd4 Kg5 43. Ke2 Kh4 44. Kf2 Kh3 45. Kg1 f3 46. Nxf3 gxf3 47. Kf2 Kg4 48. h4 Nf4 49. a4 Nd3+ 50. Kf1 Nxb2 51. axb5 axb5 0-1